Idiotismes en français - 9 - - Statistiques

Statistiques générales
  • Ce quiz a été pris 341 fois
  • Le résultat moyen est 13 sur 15
Statistiques - réponses
Hint Réponse % Correct
Fondre comme du ***** Beurre
97%
Mouiller sa ***** Chemise
97%
Au creux de l'***** Oreille
96%
Cousu de fil ***** Blanc
94%
Mi-*****, mi-raisin Figue
92%
Pieds et ***** liés Poings
92%
Ne pas casser ***** pattes à un canard Trois
92%
Se tirer à l'***** Anglaise
91%
Etre fauché comme les ***** Blés
88%
Faire un ***** de nez Pied
87%
Manger comme ***** Quatre
85%
A la force du ***** Poignet
82%
Faire les ***** fermés Yeux
81%
***** locale Couleur
73%
Avoir des ***** Biscuits
51%
Aucun quiz correspondant
Distribution des résultats
% des personnes avec chaque résultat
Percentile par nombre de réponses
Votre historique - résultats
Vous n’avez pas pris ce quiz